Vzájemný vliv dětí na sebe

Bibliographic Details
Main Author: Smejkalová, M. (Author)
Format: Article
Language:Czech

MARC

LEADER 00000nab a2200000uu 4500
001 vtls011436679
003 SK-MaSNL
005 20260303150007.0
008 230222| xo |||||||||||||||||cze|
015 |a SNBRB 
035 |a (urnnbn)urn:nbn:sk:snk:ar-002g76 
035 |a (uuid)f24cc081-1021-47aa-bc51-aa8cd861c31d 
035 |a urn:nbn:sk:snk-abcc0e 
040 |a SNKBUCL  |b slo  |c SNKBUCL  |e AACR2 
041 0 |a cze 
044 |a xo  |c SK 
100 1 |a Smejkalová, M.  |4 aut  |9 1168907 
245 1 0 |a Vzájemný vliv dětí na sebe  |c M. Smejkalová 
773 0 |t Predškolská výchova : pedagogický časopis pre učiteľky materských škôl  |g Roč. 16, č. 6 (1961-1962), s. 166-169 
958 |a OND 
958 |a EUIPO 
958 |a article16 
999 |c 2006708  |d 2008638